000 00537nam a2200193 a 4500
001 1769939802098
003 YourLibrary
005 20260201163728.0
008 260201s2009##################000#0#eng##
020 _a9780071625838
082 0 4 _a305
_bWIL
100 1 _aWilson, Victoria,
_eauthor.
245 1 0 _aTeach Yourself Developing Your Child's Creativity :
260 _bMcGraw-Hill Education,
_c2009.
300 _a192 pages
650 0 _aFamily & Relationships.
942 _cENGLISH
040 _aYourLibrary
_beng
_cYourLibrary
999 _c609732
_d609732